000
00289 a2200145 4500
001
152504
040
_c
Escola São Tomás de Aquino
240
1
0
_a
Boitempo
_l
por
245
1
0
_a
Boitempo
300
_a
187
362
0
_a
1973
440
1
_a
José Olympio
697
_a
Poesia
942
_c
BK
999
_c
152504
_d
152504